Hamric and Hanson;s Advanced Practice Nursing An Integrative Approach (Record no. 2053)

MARC details
000 -LEADER
fixed length control field 00389nam a22001457a 4500
008 - FIXED-LENGTH DATA ELEMENTS--GENERAL INFORMATION
fixed length control field 250304b |||||||| |||| 00| 0 eng d
020 ## - INTERNATIONAL STANDARD BOOK NUMBER
ISBN 9780323447751
100 ## - MAIN ENTRY--AUTHOR
Author Tracy Mary Fran
245 ## - TITLE STATEMENT
Title Hamric and Hanson;s Advanced Practice Nursing An Integrative Approach
250 ## - EDITION STATEMENT
Edition statement 6th
260 ## - PUBLICATION, DISTRIBUTION, ETC. (IMPRINT)
Place of publication Missouri
Name of publisher Elsevier
Date of publication 2019
300 ## - COLLATION
Pagination xxiv,669p
942 ## - ADDED ENTRY ELEMENTS (KOHA)
Item type Books
050 ## - LIBRARY OF CONGRESS CALL NUMBER
Classification number RT82.8
Item number .A38
Holdings
Source of classification or shelving scheme Not for loan Permanent location Current location Date acquired Accession No. Full call number Barcode. Koha item type
Library of Congress Classification   Samuel Ogbemudia Main Library, University of Abuja Samuel Ogbemudia Main Library, University of Abuja 03/04/2025 2024/64354 RT82.8.A38 2025-0195 Books